000 00598nam a2200169 a 4500
001 000037983
003 DO-SdBNP
005 20250422191443.0
008 130311s1980 000 spa d
040 _aDO-SdBNP
_bspa
_cBNPHU
110 _aRepública Dominicana.
_bSecretariado Técnico de la Presidencia
_bOficina Nacional de Estadísticas
_92319
245 1 0 _aEstadística dominicana 1979 :
_bcomercio exterior.
260 _aSanto Domingo :
_bOficna Nancional de Estadística,
_c1980.
300 _a508 p. :
_bil. ;
_c27 cm.
490 0 _aOficina Nacional de Estadística
_v27
942 _2ddc
_cLBS1
999 _c37473
_d37473